Chelsea Players 19-20 - Statistics

General Stats
  • This quiz has been taken 57 times
  • The average score is 14 of 15
Answer Stats
Picture Answer % Correct
Christian Pulisic
100%
N'Golo Kante
100%
Olivier Giroud
100%
Tammy Abraham
100%
Willian
100%
Marcos Alonso
96%
Jorginho
94%
Antonio Rudiger
91%
Mason Mount
91%
Andreas Christensen
87%
Callum Hudson-Odoi
87%
Reece James
87%
Ruben Loftus-Cheek
87%
Willy Caballero
87%
Michy Batshuayi
83%
No matching quizzes found
Score Distribution
Percent of People with Each Score
Percentile by Number Answered
Your Score History
You have not taken this quiz